| 000 | 00712cam a2200229 a 4500 | ||
|---|---|---|---|
| 001 | 1022627 | ||
| 005 | 20231204012059.0 | ||
| 008 | 880708s1989 inua b s001 0 eng | ||
| 020 | _a025333070X | ||
| 020 | _a0253205018 (pbk.) | ||
| 040 |
_aDLC _cDLC _dDLC |
||
| 082 | 0 | 0 |
_a305.4/2 _219 |
| 245 | 0 | 0 |
_aInterpreting women's lives : _bfeminist theory and personal narratives / _cedited by The Personal Narratives Group, Joy Webster Barbre |
| 260 |
_aBloomington : _bIndiana University Press, _c1989. |
||
| 300 | _aviii, 277 p. : | ||
| 650 | 0 | _aWomen's studies | |
| 650 | 0 | _aAutobiography | |
| 650 | 0 | _aWomen and literature. | |
| 650 | 0 | _aFeminist criticism. | |
| 700 | 1 |
_aBarbre, Joy Webster. _eedt |
|
| 942 | _cL | ||
| 999 |
_c124 _d124 |
||